| 000 | 01762nam a2200337 i 4500 | ||
|---|---|---|---|
| 001 | 000014075 | ||
| 003 | DO-SdBNP | ||
| 005 | 20250715101153.0 | ||
| 007 | ta | ||
| 008 | 091203t1976 dr 001 e spa d | ||
| 040 |
_aDO-SdBNP _bspa _cBNPHU _erda |
||
| 041 | _aspa | ||
| 082 | 4 |
_aRD864.42 _bH519e _222 |
|
| 100 | 1 |
_aHenríquez Ureña, Pedro, _d1884-1946 _eautor _91718 _4aut. |
|
| 245 | 1 | 0 |
_aEnsayos : _b(selección) / _cPedro Henríquez Ureña ; prólogo de José Alcántara Almánzar. |
| 264 |
_aSanto Domingo, República Dominicana : _bEditora Taller, _c1976. |
||
| 300 |
_axxxiv, 386 páginas ; _c21 cm. |
||
| 336 |
_ardacontent _btexto _2txt |
||
| 337 |
_ardamedia _bsin mediación _2n |
||
| 338 |
_ardacarrier _bvolumen _2nc |
||
| 490 |
_aBiblioteca Taller ; _v67 |
||
| 504 | _aIncluye bibliografía y notas al pie de páginas. | ||
| 505 | 0 |
_gPrólogo a la edición cubana / _rJosé Rodríguez Feo -- _gPrólogo a la edición dominicana / _rJosé Alcántara Almánzar. _tEnsayos críticos -- _tCuestiones filosóficas -- _tLiteratura española y americana -- _tDe mi patria -- _tSeis ensayos en busca de nuestra expresión -- _tEn la orilla, mi España -- _tEn torno a Azorín -- _tFiguras -- _tPanorama de la otra América -- _tPlenitud de España -- _tLope de Vega -- _tApuntaciones marginales -- _tAntología de artículos y conferencias -- _tNotas -- _tPedro Henríquez Ureña y su época. |
|
| 534 |
_pPublicado originalmente: _tSelección de ensayos. _cLa Habana : Casa de las Américas, 1974. |
||
| 590 | _aInventariado, 2025/DG | ||
| 650 | 0 |
_aEnsayos dominicanos _965 |
|
| 650 | 0 |
_aLiteratura dominicana. _967 |
|
| 700 | 1 |
_aAlcántara Almánzar, José _d1946- _eprologuista _97018 _4pr. |
|
| 910 | _aValidado. Control de calidad EMS. | ||
| 942 |
_2ddc _cLBS1 |
||
| 999 |
_c13677 _d13677 |
||